Представление документа в формате RUSMARC

ПолеНазваниеЗначение
  Тип записи a
  Библиографический уровень m
001 Контрольный номер bfdafdef7b1748f8a2d4888e3a2f9316
005 Дата корректировки 20140605133644.1
010 Индекс ISBN __
a ISBN 5-88186-593-6
101 Язык документа 0_
a Язык текста rus
102 Страна публикации __
a Страна публикации RU
200 Заглавие и сведения об ответственности 1_
a Заглавие Защита прав народов в Российской Федерации ( конституционно- правовые аспекты)
e Сведения, относящиеся к заглавию монография
f Первые сведения об ответственности М. П. Фомиченко
g Последующие сведения об ответственности Рос. гос. соц. ун- т
210 Выходные данные 1_
c Издательство РГСУ
a Место издания М.
d Дата издания 2005
215 Физическое описание __
a Объем 403, [1] с.
610 Ключевые слова 0_
a Ключевые слова защита прав народов
610 Ключевые слова 0_
a Ключевые слова монография
610 Ключевые слова 0_
a Ключевые слова право народа на самоопределение
610 Ключевые слова 0_
a Ключевые слова народный сувернитет
610 Ключевые слова 0_
a Ключевые слова россияне
610 Ключевые слова 0_
a Ключевые слова русские
610 Ключевые слова 0_
a Ключевые слова малочисленные народы
610 Ключевые слова 0_
a Ключевые слова национальные меньшинства
610 Ключевые слова 0_
a Ключевые слова федеративные отношения
686 Индексы других классификаций __
a Классификационный индекс 67.620.3
2 Код системы rubbk
686 Индексы других классификаций __
a Классификационный индекс 67.91
2 Код системы rubbk
700 Автор _1
a Фамилия Фомиченко
b Имя М. П.
711 Наименование организации. (Альтернативная ответственность) 02
a Организация/ юрисдикция Рос. гос. соц. ун- т
801 Источник записи _0
a Страна RU
b Организация РУК
c Дата составления 20070214
g Правила каталогизации PSBO
801 Источник записи _1
a Страна RU
b Организация РУК
c Дата составления 20070214
g Правила каталогизации PSBO
852 Данные о местонахождении __
i Авторский знак Ф 76
j Шифр хранения ББК 67
901 Тип документа __
t Тип документа m
938 Служебная информация __
a Название организации Головной вуз
b Имя БД BOOK
c Название АИБС АИБС ИРБИС